| 000 | 00992nam a2200265Ia 4500 | ||
|---|---|---|---|
| 003 | OSt | ||
| 005 | 20221005111550.0 | ||
| 006 | a|||||r|||| 00| 0 | ||
| 007 | ta | ||
| 008 | 221004b |||||||| |||| 00| 0 hin d | ||
| 020 |
_a8126021705 (hbk) _cIndian Rupees 150 |
||
| 024 | _a41049 | ||
| 037 |
_bGift, 08/01/2019, _cTextual |
||
| 040 |
_aCRL _cCRL _bhin |
||
| 041 |
_2hin _ahin |
||
| 082 | _aQ1:g(Y:1), 152J7:P7 | ||
| 100 |
_aजोशी, लक्ष्मीनारायण, ले. _9160590 |
||
| 245 | 0 | _aवैदिक संस्कृति का विकास | |
| 246 | _aVaidik sanskṛuti kā vikāsa | ||
| 260 |
_aनई दिल्ली _bसाहित्य अकादेमी भारत _c2007 |
||
| 300 |
_a360पृ0 _ccm. |
||
| 650 | _aवैदिक धर्म | ||
| 942 |
_hQ1:g(Y:1), 152J7:P7 _cTEXL _2cc |
||
| 999 |
_c1022184 _d1022184 |
||